Airline Hubs Quiz Stats

 Plays Quiz not verified by Sporcle

Challenge
Share
Tweet
Embed
Score 0/25 Timer 05:00
0 Plays Today
% Correct
Lufthansa
96.6%
Qantas
95.7%
Hawaiian Airlines
94.4%
El Al
92.9%
KLM
91.6%
China Eastern Airlines
91.6%
Aer Lingus
91.3%
Iberia
90.1%
All Nippon Airways
90.1%
Alaska Airlines
87.3%
Delta Air Lines
85.1%
Cathay Pacific
85.1%
American Airlines
83.2%
% Correct
Aeroflot
83.2%
United Airlines
82.9%
US Airways
81.7%
SAS
80.7%
LOT
80.4%
Frontier Airlines
75.8%
bmi
74.5%
WestJet
73.6%
TAM Airlines
69.9%
Virginia America
68.3%
Avianca
65.8%
LAN Airlines
60.9%

You're not logged in!

Compare scores with friends on all Sporcle quizzes.
OR
Log In

You Might Also Like...

Show Comments

Extras

Top Quizzes Today


Score Distribution

Your Account Isn't Verified!

In order to create a playlist on Sporcle, you need to verify the email address you used during registration. Go to your Sporcle Settings to finish the process.

Report this User

Report this user for behavior that violates our Community Guidelines.

Details: